LEADER 10762nas# 22005651i 450 001 UON00238135 005 20241210112841.374 011 $a0080-6765 011 $a1600-082X 017 70$2P$aP 64518 100 $a20030730a1954 |0itac50 ba 101 $amul 102 $aDK 105 $a|||| 1|||| 110 $aaF||||||||| 200 1 $aScando-Slavica$fAssociation of Scandinavian Slavists and Baltolgists 207 $a1(1954)- 210 $aCopenhagen$cMunksgaard$d1954- 215 $avolumi$cillustrazioni$d24 cm 300 $aAnnuale 1954-2009. - Poi semestrale 2010-. - Anche online. - Luogo ed editore variano in: London : Routledge. 316 $aFattura 523630/2012$5IT-UONSI PER DUOMOA PT204/2012 316 $avol. 65$5IT-UONSI PER DUOMOA PT204/2019 316 $aMunksgaard fatt. n. 46633$5IT-UONSI PER DUOMOA PT204/1995 316 $aFatt. n. 46633 090$5IT-UONSI PER DUOMOA PT204/1996 316 $aFatt. n. 46633/96$5IT-UONSI PER DUOMOA PT204/1997 316 $aFatt. n. 46633.$5IT-UONSI PER DUOMOA PT204/1998 316 $aMunksgaard fatt. n. 5236292/98$5IT-UONSI PER DUOMOA PT204/1999 316 $aMunksgaard fatt. n. 5330660/1999$5IT-UONSI PER DUOMOA PT204/2000 606 $aFilologia slava$xPeriodici$3UONC099443$2FI 606 $aLINGUE SLAVE$xPeriodici$3UONC098668$2FI 620 $aDK$dCopenhagen$3UONL000180 676 $a491.805$cLingue slave. Pubblicazioni in serie.$v20 712 02$aAssociation of Scandinavian Slavists and Baltologists$3UONV296499$4710 712 $aMunksgaard$3UONV247043$4650 712 $aRoutledge$3UONV248939$4650 801 $aIT$bSOL$c20241213$gRICA 856 4 $uhttp://www.tandfonline.com/toc/ssla20/current$zhttp://www.tandfonline.com/toc/ssla20/current 899 $aSIBA - SISTEMA BIBLIOTECARIO DI ATENEO$2UONSI$41(1954)-65(2019).$cPER DUOMO A PT 204 ; 912 $aUON00238135 950 $aSIBA - SISTEMA BIBLIOTECARIO DI ATENEO$bSI 1(1954)-65(2019).$dSI PER DUOMO A PT 204 2012 $eSI 1865 7 2012 Fattura 523630/2012$dSI PER DUOMO A PT 204 2013 $eSI 10292 7 2013 $dSI PER DUOMO A PT 204 2014 $eSI 13179 7 2014 $dSI PER DUOMO A PT 204 2015 $eSI 15907 7 2015 $dSI PER DUOMO A PT 204 2016 $eSI 20897 7 2016 $dSI PER DUOMO A PT 204 2017 $eSI 24821 7 2017 $dSI PER DUOMO A PT 204 2018 $eSI 26998 7 2018 $dSI PER DUOMO A PT 204 2019 $eSI 36747 7 2019 vol. 65$dSI PER DUOMO A PT 204 1976 $eSI EO 1992 7 1976 $dSI PER DUOMO A PT 204 1977 $eSI EO 2898 7 1977 $dSI PER DUOMO A PT 204 1978 $eSI EO 3996 7 1978 $dSI PER DUOMO A PT 204 1979 $eSI EO 6332 7 1979 $dSI PER DUOMO A PT 204 1980 $eSI EO 8561 7 1980 $dSI PER DUOMO A PT 204 1981 $eSI EO 9389 7 1981 $dSI PER DUOMO A PT 204 1982 $eSI EO 11518 7 1982 $dSI PER DUOMO A PT 204 1983 $eSI EO 13376 7 1983 $dSI PER DUOMO A PT 204 1984 $eSI EO 14834 7 1984 $dSI PER DUOMO A PT 204 1985 $eSI EO 15223 7 1985 $dSI PER DUOMO A PT 204 1986 $eSI EO 17476 7 1986 $dSI PER DUOMO A PT 204 1987 $eSI EO 18548 7 1987 $dSI PER DUOMO A PT 204 1988 $eSI EO 19763 7 1988 $dSI PER DUOMO A PT 204 1989 $eSI EO 20501 7 1989 $dSI PER DUOMO A PT 204 1990 $eSI EO 21534 7 1990 $dSI PER DUOMO A PT 204 1991 $eSI EO 21872 7 1991 $dSI PER DUOMO A PT 204 1992 $eSI EO 23172 7 1992 $dSI PER DUOMO A PT 204 1993 $eSI EO 23311 7 1993 $dSI PER DUOMO A PT 204 1994 $eSI EO 24904 7 1994 $dSI PER DUOMO A PT 204 1995 $eSI EO 26190 7 1995 Munksgaard fatt. n. 46633$dSI PER DUOMO A PT 204 1996 $eSI EO 26974 7 1996 Fatt. n. 46633 090$dSI PER DUOMO A PT 204 1997 $eSI EO 28939 7 1997 Fatt. n. 46633/96$dSI PER DUOMO A PT 204 1998 $eSI EO 30060 7 1998 Fatt. n. 46633.$dSI PER DUOMO A PT 204 1999 $eSI EO 31514 7 1999 Munksgaard fatt. n. 5236292/98$dSI PER DUOMO A PT 204 2000 $eSI EO 32793 7 2000 Munksgaard fatt. n. 5330660/1999$dSI PER DUOMO A PT 204 2001 $eSI EO 33491 7 2001 $dSI PER DUOMO A PT 204 2002 $eSI EO 35029 7 2002 $eSI EO 36636 7 2004 $eSI EO 37430 7 2005 $eSI EO 38779 7 2006 $eSI EO 40268 7 2007 $eSI EO 41166 7 2008 $dSI PER DUOMO A PT 204 2003 $eSI EO 35693 7 2003 $dSI PER DUOMO A PT 204 2010 $eSI EO 45820 7 2010 $dSI PER DUOMO A PT 204 2011 $eSI EO 46585 7 2011 $dSI PER DUOMO A PT 204 1956 $eSI SL 564/1 7 1956 $dSI PER DUOMO A PT 204 1965 $eSI SL 564/10 7 1965 $dSI PER DUOMO A PT 204 1966 $eSI SL 564/11 7 1966 $dSI PER DUOMO A PT 204 1967 $eSI SL 564/12 7 1967 $dSI PER DUOMO A PT 204 1968 $eSI SL 564/13 7 1968 $dSI PER DUOMO A PT 204 1969 $eSI SL 564/14 7 1969 $dSI PER DUOMO A PT 204 1970 $eSI SL 564/15 7 1970 $dSI PER DUOMO A PT 204 1971 $eSI SL 564/16 7 1971 $dSI PER DUOMO A PT 204 1972 $eSI SL 564/17 7 1972 $dSI PER DUOMO A PT 204 1973 $eSI SL 564/18 7 1973 $dSI PER DUOMO A PT 204 1974 $eSI SL 564/19 7 1974 $dSI PER DUOMO A PT 204 1957 $eSI SL 564/2 7 1957 $dSI PER DUOMO A PT 204 1975 $eSI SL 564/20 7 1975 $dSI PER DUOMO A PT 204 1958 $eSI SL 564/3 7 1958 $dSI PER DUOMO A PT 204 1959 $eSI SL 564/4 7 1959 $dSI PER DUOMO A PT 204 1960 $eSI SL 564/5 7 1960 $dSI PER DUOMO A PT 204 1961 $eSI SL 564/6 7 1961 $dSI PER DUOMO A PT 204 1962 $eSI SL 564/7 7 1962 $dSI PER DUOMO A PT 204 1963 $eSI SL 564/8 7 1963 $dSI PER DUOMO A PT 204 1964 $eSI SL 564/9 7 1964 $dSI PER DUOMO A PT 204 1954 $eSI SL 564 7 1954 951 $aSIBA - SISTEMA BIBLIOTECARIO DI ATENEO$bSI2013822 1J 20130917 951 $aSIBA - SISTEMA BIBLIOTECARIO DI ATENEO$bSI2015273 1J 20150113ABBONAMENTO 2014 v. 60 + online 951 $aSIBA - SISTEMA BIBLIOTECARIO DI ATENEO$bSI20151519 1J 20151209 951 $aSIBA - SISTEMA BIBLIOTECARIO DI ATENEO$bSI20161435 1J 20161005 951 $aSIBA - SISTEMA BIBLIOTECARIO DI ATENEO$bSI20171007 1J 20170904 951 $aSIBA - SISTEMA BIBLIOTECARIO DI ATENEO$bSI2018464 1J 20180910 951 $aSIBA - SISTEMA BIBLIOTECARIO DI ATENEO$bSI2019418 1J 20190513impossibile fornire cartaceo, offerta solo online non accettata 951 $aSIBA - SISTEMA BIBLIOTECARIO DI ATENEO$bSI2020425 1Z 20200907E-mail 23/11/2021: ANNULLATO. 996 $aScando-Slavica$91324478 997 $aUNIOR LEADER 03603nam 2200757z- 450 001 9910557328103321 005 20220111 035 $a(CKB)5400000000042598 035 $a(oapen)https://directory.doabooks.org/handle/20.500.12854/76519 035 $a(oapen)doab76519 035 $a(EXLCZ)995400000000042598 100 $a20202201d2021 |y 0 101 0 $aeng 135 $aurmn|---annan 181 $ctxt$2rdacontent 182 $cc$2rdamedia 183 $acr$2rdacarrier 200 00$aAdvanced Topics in Systems Safety and Security 210 $aBasel, Switzerland$cMDPI - Multidisciplinary Digital Publishing Institute$d2021 215 $a1 online resource (130 p.) 311 08$a3-0365-1623-9 311 08$a3-0365-1624-7 330 $aThis book presents valuable research results in the challenging field of systems (cyber)security. It is a reprint of the Information (MDPI, Basel) - Special Issue (SI) on Advanced Topics in Systems Safety and Security. The competitive review process of MDPI journals guarantees the quality of the presented concepts and results. The SI comprises high-quality papers focused on cutting-edge research topics in cybersecurity of computer networks and industrial control systems. The contributions presented in this book are mainly the extended versions of selected papers presented at the 7th and the 8th editions of the International Workshop on Systems Safety and Security-IWSSS. These two editions took place in Romania in 2019 and respectively in 2020. In addition to the selected papers from IWSSS, the special issue includes other valuable and relevant contributions. The papers included in this reprint discuss various subjects ranging from cyberattack or criminal activities detection, evaluation of the attacker skills, modeling of the cyber-attacks, and mobile application security evaluation. Given this diversity of topics and the scientific level of papers, we consider this book a valuable reference for researchers in the security and safety of systems. 606 $aTechnology: general issues$2bicssc 610 $aalert correlation 610 $aAndroid applications 610 $aattack evaluation 610 $aattack forecasting 610 $aattack prediction 610 $aattack projection 610 $aattack quantification 610 $aattack tree 610 $aattacker 610 $aattacker behaviour 610 $aattacker profile 610 $aattacker skill level 610 $aattributes 610 $aBayesian network 610 $aCommand and Control Citizen Security Center 610 $aCommand and Control Information System (C2IS) 610 $acommon vulnerability scoring system 610 $acomparative review 610 $acrime detection 610 $acyber attack 610 $adistribution automation system 610 $aearly-stage detection 610 $afeatures 610 $ahomeland security 610 $aindustrial control safety 610 $aintelligent data analysis 610 $ametrics 610 $amulti-threading 610 $aoperational semantics 610 $areverse engineering 610 $aSmali+ 615 7$aTechnology: general issues 700 $aPricop$b Emil$4edt$01264886 702 $aStamatescu$b Grigore$4edt 702 $aFattahi$b Jaouhar$4edt 702 $aPricop$b Emil$4oth 702 $aStamatescu$b Grigore$4oth 702 $aFattahi$b Jaouhar$4oth 906 $aBOOK 912 $a9910557328103321 996 $aAdvanced Topics in Systems Safety and Security$93022927 997 $aUNINA